<?xml version="1.0" encoding="UTF-8"?>
<record
    xmlns:xsi="http://www.w3.org/2001/XMLSchema-instance"
    xsi:schemaLocation="http://www.loc.gov/MARC21/slim http://www.loc.gov/standards/marcxml/schema/MARC21slim.xsd"
    xmlns="http://www.loc.gov/MARC21/slim">

  <leader>00457nam a22001697a 4500</leader>
  <controlfield tag="003">OSt</controlfield>
  <controlfield tag="005">20211112164743.0</controlfield>
  <controlfield tag="008">211112b        |||||||| |||| 00| 0 eng d</controlfield>
  <datafield tag="020" ind1=" " ind2=" ">
    <subfield code="a">9074134815</subfield>
  </datafield>
  <datafield tag="040" ind1=" " ind2=" ">
    <subfield code="c">Hawassa University</subfield>
  </datafield>
  <datafield tag="050" ind1=" " ind2=" ">
    <subfield code="a">641.3/LUN</subfield>
    <subfield code="b">5</subfield>
  </datafield>
  <datafield tag="082" ind1=" " ind2=" ">
    <subfield code="a">641.3/LUN</subfield>
    <subfield code="b">5</subfield>
  </datafield>
  <datafield tag="100" ind1=" " ind2=" ">
    <subfield code="a">Luning,P.A.</subfield>
    <subfield code="9">18214</subfield>
  </datafield>
  <datafield tag="245" ind1=" " ind2=" ">
    <subfield code="a">Food Quality Management A Techno-managerial Approach</subfield>
  </datafield>
  <datafield tag="260" ind1=" " ind2=" ">
    <subfield code="a">Netherland</subfield>
    <subfield code="b">Wageningen Pers</subfield>
    <subfield code="c">2002</subfield>
  </datafield>
  <datafield tag="942" ind1=" " ind2=" ">
    <subfield code="2">ddc</subfield>
    <subfield code="c">BOOKS</subfield>
    <subfield code="n">0</subfield>
  </datafield>
  <datafield tag="999" ind1=" " ind2=" ">
    <subfield code="c">18080</subfield>
    <subfield code="d">18080</subfield>
  </datafield>
  <datafield tag="952" ind1=" " ind2=" ">
    <subfield code="0">0</subfield>
    <subfield code="1">0</subfield>
    <subfield code="2">ddc</subfield>
    <subfield code="4">0</subfield>
    <subfield code="7">0</subfield>
    <subfield code="a">002</subfield>
    <subfield code="b">002</subfield>
    <subfield code="d">2021-11-12</subfield>
    <subfield code="l">0</subfield>
    <subfield code="o">641.3/LUN</subfield>
    <subfield code="p">ALIB0000072</subfield>
    <subfield code="r">2021-11-12 00:00:00</subfield>
    <subfield code="t">1</subfield>
    <subfield code="w">2021-11-12</subfield>
    <subfield code="y">BOOKS</subfield>
  </datafield>
  <datafield tag="952" ind1=" " ind2=" ">
    <subfield code="0">0</subfield>
    <subfield code="1">0</subfield>
    <subfield code="2">ddc</subfield>
    <subfield code="4">0</subfield>
    <subfield code="7">0</subfield>
    <subfield code="a">002</subfield>
    <subfield code="b">002</subfield>
    <subfield code="d">2021-11-12</subfield>
    <subfield code="l">0</subfield>
    <subfield code="o">641.3/LUN</subfield>
    <subfield code="p">ALIB0000073</subfield>
    <subfield code="r">2021-11-12 00:00:00</subfield>
    <subfield code="t">2</subfield>
    <subfield code="w">2021-11-12</subfield>
    <subfield code="y">BOOKS</subfield>
  </datafield>
  <datafield tag="952" ind1=" " ind2=" ">
    <subfield code="0">0</subfield>
    <subfield code="1">0</subfield>
    <subfield code="2">ddc</subfield>
    <subfield code="4">0</subfield>
    <subfield code="7">0</subfield>
    <subfield code="a">002</subfield>
    <subfield code="b">002</subfield>
    <subfield code="d">2021-11-12</subfield>
    <subfield code="l">0</subfield>
    <subfield code="o">641.3/LUN</subfield>
    <subfield code="p">ALIB0000071</subfield>
    <subfield code="r">2021-11-12 00:00:00</subfield>
    <subfield code="t">3</subfield>
    <subfield code="w">2021-11-12</subfield>
    <subfield code="y">BOOKS</subfield>
  </datafield>
  <datafield tag="952" ind1=" " ind2=" ">
    <subfield code="0">0</subfield>
    <subfield code="1">0</subfield>
    <subfield code="2">ddc</subfield>
    <subfield code="4">0</subfield>
    <subfield code="7">0</subfield>
    <subfield code="a">002</subfield>
    <subfield code="b">002</subfield>
    <subfield code="d">2021-11-12</subfield>
    <subfield code="l">0</subfield>
    <subfield code="o">641.3/LUN</subfield>
    <subfield code="p">ALIB0000074</subfield>
    <subfield code="r">2021-11-12 00:00:00</subfield>
    <subfield code="t">4</subfield>
    <subfield code="w">2021-11-12</subfield>
    <subfield code="y">BOOKS</subfield>
  </datafield>
  <datafield tag="952" ind1=" " ind2=" ">
    <subfield code="0">0</subfield>
    <subfield code="1">0</subfield>
    <subfield code="2">ddc</subfield>
    <subfield code="4">0</subfield>
    <subfield code="7">0</subfield>
    <subfield code="a">002</subfield>
    <subfield code="b">002</subfield>
    <subfield code="d">2021-11-12</subfield>
    <subfield code="l">0</subfield>
    <subfield code="o">641.3/LUN</subfield>
    <subfield code="p">ALIB0000075</subfield>
    <subfield code="r">2021-11-12 00:00:00</subfield>
    <subfield code="t">5</subfield>
    <subfield code="w">2021-11-12</subfield>
    <subfield code="y">BOOKS</subfield>
  </datafield>
</record>
